000 00854cam a22002897a 4500
001 14735166
005 20180313084825.0
008 070215s2007 moua 000 0 eng d
010 _a 2007271311
016 7 _a101287349
_2DNLM
020 _a9780721604275
020 _a0721604277
035 _a(OCoLC)ocm71295745
040 _aAIC
_cAIC
_dNLM
_dDLC
041 _aeng
042 _alccopycat
060 0 0 _a2006 K-418
060 1 0 _aWL 140
_bM383n 2007
080 _a616.8046 MAR
082 0 0 _a616.8046 MAR
_222
100 1 _a7
101 _aNEU
245 1 0 _aNeurologic interventions for physical therapy /
_cSuzanne Tink Martin and Mary Kessler.
906 _a7
_bcbc
_ccopycat
_d2
_encip
_f20
_gy-gencatlg
942 _2ddc
_cBK
999 _c44903
_d44903